| 000 | 00387nam a22001457a 4500 | ||
|---|---|---|---|
| 999 |
_c8763 _d8763 |
||
| 003 | OSt | ||
| 005 | 20201214111253.0 | ||
| 008 | 201214b ||||| |||| 00| 0 eng d | ||
| 020 | _a1928643043 | ||
| 082 |
_a720.284 _bWHI |
||
| 100 | _a White, Edward T. | ||
| 245 | _aSite Analysis: Diagramming Information for Architectural Design | ||
| 260 |
_aArchitectural Media _bHongkong |
||
| 942 | _2ddc | ||